000
00221 a2200097 4500
100
_a
Allen W. S
245
_a
Living English Structure
260
_a
n A
_b
Longman
_c
090
_c
25027
_d
25027
942
_a
NUST-CAE
_c
M
_c
16700
999
_c
406507
_d
406507